[Event "EYCC 2024 - G16"]
[Site "?"]
[Date "2024.08.24"]
[Round "3.10"]
[White "Bat, Anu"]
[Black "Alexandri, Vasiliki"]
[Result "0-1"]
[BlackElo "1824"]
[WhiteElo "1948"]
[LiveChessVersion "1.4.8"]

1. d4 {[%clk 1:30:56]} Nf6 {[%clk 1:30:54]} 2. Nc3 {[%clk 1:31:21]} d5
{[%clk 1:31:19]} 3. Bf4 {[%clk 1:31:39]} g6 {[%clk 1:31:41]} 4. e3
{[%clk 1:32:03]} Bg7 {[%clk 1:31:18]} 5. h4 {[%clk 1:32:23]} h5 {[%clk 1:31:39]}
6. Nf3 {[%clk 1:32:43]} O-O {[%clk 1:31:43]} 7. Qd2 {[%clk 1:32:10]} c5
{[%clk 1:26:42]} 8. Ne5 {[%clk 1:31:15]} Nc6 {[%clk 1:09:10]} 9. f3
{[%clk 1:30:08]} Be6 {[%clk 1:00:26]} 10. Be2 {[%clk 1:27:18]} cxd4
{[%clk 0:51:55]} 11. exd4 {[%clk 1:27:37]} a6 {[%clk 0:43:04]} 12. O-O-O
{[%clk 1:22:51]} Rc8 {[%clk 0:40:32]} 13. g4 {[%clk 1:11:56]} b5 {[%clk 0:38:30]}
14. Qe3 {[%clk 0:53:45]} Kh7 {[%clk 0:21:45]} 15. Bd3 {[%clk 0:43:57]} Nb4
{[%clk 0:15:36]} 16. Be2 {[%clk 0:42:12]} Nxc2 {[%clk 0:08:15]} 17. Kxc2
{[%clk 0:40:26]} b4 {[%clk 0:08:41]} 18. Bxa6 {[%clk 0:15:01]} Ra8
{[%clk 0:09:03]} 19. Bb7 {[%clk 0:14:43]} Ra7 {[%clk 0:08:41]} 20. Nc6
{[%clk 0:13:45]} Qb6 {[%clk 0:09:09]} 21. Nxa7 {[%clk 0:13:56]} bxc3
{[%clk 0:09:35]} 22. Qxc3 {[%clk 0:06:56]} Qxb7 {[%clk 0:09:06]} 23. Qc7
{[%clk 0:06:57]} Qa6 {[%clk 0:08:30]} 24. Rd3 {[%clk 0:03:05]} hxg4
{[%clk 0:05:05]} 25. fxg4 {[%clk 0:02:44]} Bxg4 {[%clk 0:05:29]} 26. Ra3
{[%clk 0:01:16]} Qe2+ {[%clk 0:05:57]} 27. Kc1 {[%clk 0:00:56]} Nh5
{[%clk 0:05:45]} 28. Be3 {[%clk 0:00:37]} e5 {[%clk 0:02:52]} 29. dxe5
{[%clk 0:00:38]} d4 {[%clk 0:03:21]} 30. Bd2 {[%clk 0:00:33]} Bxe5
{[%clk 0:01:51]} 31. Qc5 {[%clk 0:00:57]} Bg7 {[%clk 0:01:35]} 32. Re1
{[%clk 0:00:35]} Qh2 {[%clk 0:01:45]} 33. Qg5 {[%clk 0:00:35]} Bf5
{[%clk 0:01:31]} 34. Qe7 {[%clk 0:00:48]} Nf6 {[%clk 0:01:21]} 35. Rf3
{[%clk 0:00:38]} Re8 {[%clk 0:01:28]} 36. Qc5 {[%clk 0:00:31]} Rxe1+
{[%clk 0:01:23]} 37. Bxe1 {[%clk 0:01:00]} Qh1 {[%clk 0:01:32]} 38. Rxf5
{[%clk 0:00:39]} Qxe1+ {[%clk 0:01:44]} 39. Kc2 {[%clk 0:01:01]} Qe4+
{[%clk 0:01:55]} 40. Kd2 {[%clk 0:00:43]} gxf5 {[%clk 0:02:19]} 41. Nc6
{[%clk 0:00:38]} Ng4 {[%clk 0:02:13]} 42. Qc4 {[%clk 0:00:31]} Qe3+
{[%clk 0:00:43]} 43. Kc2 {[%clk 0:00:45]} Qe4+ {[%clk 0:00:38]} 44. Kb3
{[%clk 0:00:57]} d3 {[%clk 0:00:44]} 45. Qc1 {[%clk 0:00:44]} Bh6
{[%clk 0:00:47]} 46. Qc5 {[%clk 0:00:53]} d2 {[%clk 0:00:54]} 0-1

[Event "EYCC 2024 - G16"]
[Site "?"]
[Date "2024.08.24"]
[Round "3.11"]
[White "Abdinova, Narmin"]
[Black "Bruntse, Kathrine Lindegaard"]
[Result "1-0"]
[BlackElo "1945"]
[WhiteElo "2244"]
[LiveChessVersion "1.4.8"]

1. e4 {[%clk 1:30:32]} c5 {[%clk 1:30:52]} 2. Nf3 {[%clk 1:30:35]} e6
{[%clk 1:31:07]} 3. b3 {[%clk 1:30:53]} Nc6 {[%clk 1:30:32]} 4. Bb2
{[%clk 1:31:14]} d5 {[%clk 1:29:03]} 5. Bb5 {[%clk 1:31:38]} a6 {[%clk 1:21:55]}
6. exd5 {[%clk 1:30:02]} exd5 {[%clk 1:16:51]} 7. Bxc6+ {[%clk 1:30:28]} bxc6
{[%clk 1:17:17]} 8. O-O {[%clk 1:29:48]} Be6 {[%clk 1:12:34]} 9. Re1
{[%clk 1:26:49]} h6 {[%clk 1:10:50]} 10. d4 {[%clk 1:25:00]} Nf6 {[%clk 1:09:31]}
11. Ne5 {[%clk 1:07:55]} Qc7 {[%clk 0:58:49]} 12. Ba3 {[%clk 1:01:43]} cxd4
{[%clk 0:44:42]} 13. Bxf8 {[%clk 1:02:04]} Kxf8 {[%clk 0:44:46]} 14. Qxd4
{[%clk 1:02:31]} c5 {[%clk 0:44:37]} 15. Qf4 {[%clk 0:54:50]} Qb6
{[%clk 0:38:14]} 16. Nc3 {[%clk 0:53:57]} Ke7 {[%clk 0:31:16]} 17. Ng4
{[%clk 0:40:12]} Qd6 {[%clk 0:23:39]} 18. Nxf6 {[%clk 0:40:35]} gxf6
{[%clk 0:23:29]} 19. Rad1 {[%clk 0:41:02]} d4 {[%clk 0:20:46]} 20. Qxd6+
{[%clk 0:37:39]} Kxd6 {[%clk 0:21:05]} 21. Ne4+ {[%clk 0:38:06]} Kc6
{[%clk 0:19:09]} 22. Nxf6 {[%clk 0:38:32]} Rad8 {[%clk 0:17:54]} 23. Rd2
{[%clk 0:34:13]} a5 {[%clk 0:16:23]} 24. f4 {[%clk 0:23:39]} Rd6 {[%clk 0:13:59]}
25. Ne4 {[%clk 0:22:15]} Rd5 {[%clk 0:13:27]} 26. c4 {[%clk 0:19:17]} Rdd8
{[%clk 0:11:43]} 27. Nf6 {[%clk 0:19:14]} a4 {[%clk 0:08:37]} 28. Re5
{[%clk 0:19:40]} axb3 {[%clk 0:07:34]} 29. axb3 {[%clk 0:20:05]} Kb6
{[%clk 0:05:26]} 30. g4 {[%clk 0:15:02]} Rd6 {[%clk 0:01:53]} 31. Ne4
{[%clk 0:09:34]} Rc6 {[%clk 0:02:04]} 32. f5 {[%clk 0:09:36]} Bc8
{[%clk 0:01:32]} 33. Re7 {[%clk 0:07:25]} Rg8 {[%clk 0:01:02]} 34. Rg2
{[%clk 0:07:51]} Rg7 {[%clk 0:00:55]} 35. Nf2 {[%clk 0:05:34]} Bb7
{[%clk 0:00:55]} 36. Rg3 {[%clk 0:05:10]} Rc7 {[%clk 0:01:06]} 37. Rxc7
{[%clk 0:04:33]} Kxc7 {[%clk 0:01:34]} 38. Nd3 {[%clk 0:05:01]} Kd6
{[%clk 0:01:19]} 39. Kf2 {[%clk 0:04:45]} Rg8 {[%clk 0:01:01]} 40. Rh3
{[%clk 0:03:36]} Rh8 {[%clk 0:00:49]} 41. g5 {[%clk 0:01:28]} Be4
{[%clk 0:00:46]} 42. Rxh6+ {[%clk 0:01:35]} Rxh6 {[%clk 0:01:01]} 43. gxh6
{[%clk 0:02:03]} Bxf5 {[%clk 0:01:19]} 44. Ke2 {[%clk 0:01:59]} Be4
{[%clk 0:01:18]} 45. h4 {[%clk 0:01:54]} Bh7 {[%clk 0:01:12]} 46. h5
{[%clk 0:02:02]} Be4 {[%clk 0:01:34]} 47. Kd2 {[%clk 0:02:20]} Bh7
{[%clk 0:01:45]} 48. Ke2 {[%clk 0:01:29]} Be4 {[%clk 0:02:03]} 49. Kd2
{[%clk 0:01:58]} Bh7 {[%clk 0:02:20]} 50. b4 {[%clk 0:01:30]} cxb4
{[%clk 0:01:17]} 51. Nxb4 {[%clk 0:01:59]} Ke5 {[%clk 0:00:56]} 52. c5
{[%clk 0:02:14]} Ke6 {[%clk 0:00:52]} 53. c6 {[%clk 0:02:20]} Kd6
{[%clk 0:00:33]} 54. Ke2 {[%clk 0:01:08]} d3+ {[%clk 0:00:40]} 55. Ke3
{[%clk 0:01:15]} Kc7 {[%clk 0:00:54]} 56. Nd5+ {[%clk 0:00:53]} Kxc6
{[%clk 0:00:58]} 57. Nf6 {[%clk 0:01:19]} Bf5 {[%clk 0:00:52]} 58. h7
{[%clk 0:01:46]} Bxh7 {[%clk 0:01:04]} 59. Nxh7 {[%clk 0:02:14]} Kd6
{[%clk 0:01:17]} 60. Kxd3 {[%clk 0:02:07]} Ke6 {[%clk 0:01:21]} 61. Ke4
{[%clk 0:02:30]} f6 {[%clk 0:01:04]} 62. Kf4 {[%clk 0:02:38]} Kf7
{[%clk 0:01:07]} 63. Kf5 {[%clk 0:02:57]} Kg7 {[%clk 0:01:24]} 64. Nxf6
{[%clk 0:03:22]} Kh6 {[%clk 0:01:31]} 65. Kg4 {[%clk 0:03:47]} Kg7
{[%clk 0:01:38]} 66. Kg5 {[%clk 0:04:13]} Kh8 {[%clk 0:01:59]} 67. Nd7
{[%clk 0:04:26]} Kh7 {[%clk 0:02:16]} 68. h6 {[%clk 0:04:50]} Kh8
{[%clk 0:02:24]} 69. Kg6 {[%clk 0:05:15]} Kg8 {[%clk 0:02:46]} 70. Ne5
{[%clk 0:05:28]} Kh8 {[%clk 0:02:54]} 71. Nf7+ {[%clk 0:05:47]} 1-0

[Event "EYCC 2024 - G16"]
[Site "?"]
[Date "2024.08.24"]
[Round "3.12"]
[White "Zgoda, Aleksandra"]
[Black "Moskalets, Sofiia"]
[Result "0-1"]
[BlackElo "2119"]
[WhiteElo "1688"]
[LiveChessVersion "1.4.8"]

1. d4 {[%clk 1:30:56]} Nf6 {[%clk 1:30:52]} 2. Bf4 {[%clk 1:31:12]} d5
{[%clk 1:30:43]} 3. e3 {[%clk 1:29:42]} c6 {[%clk 1:29:35]} 4. c4
{[%clk 1:26:17]} g6 {[%clk 1:27:46]} 5. Nc3 {[%clk 1:25:11]} Bg7 {[%clk 1:27:40]}
6. Bd3 {[%clk 1:21:18]} O-O {[%clk 1:25:39]} 7. h4 {[%clk 1:18:10]} h5
{[%clk 1:19:39]} 8. f3 {[%clk 1:14:12]} Qb6 {[%clk 1:10:53]} 9. Qb3
{[%clk 1:09:45]} dxc4 {[%clk 1:06:20]} 10. Bxc4 {[%clk 1:07:38]} Qxb3
{[%clk 1:06:05]} 11. Bxb3 {[%clk 1:05:08]} Nfd7 {[%clk 1:03:47]} 12. Nge2
{[%clk 0:58:24]} e5 {[%clk 1:03:34]} 13. dxe5 {[%clk 0:56:16]} Nxe5
{[%clk 1:00:39]} 14. O-O-O {[%clk 0:51:28]} Na6 {[%clk 0:52:44]} 15. Rd2
{[%clk 0:47:08]} Nc5 {[%clk 0:52:14]} 16. Rhd1 {[%clk 0:44:02]} Nxb3+
{[%clk 0:50:09]} 17. axb3 {[%clk 0:44:23]} b6 {[%clk 0:43:51]} 18. Rd6
{[%clk 0:34:58]} Re8 {[%clk 0:34:28]} 19. Ne4 {[%clk 0:30:37]} Bf5
{[%clk 0:30:58]} 20. N2c3 {[%clk 0:19:12]} Re6 {[%clk 0:19:08]} 21. Rd8+
{[%clk 0:17:07]} Re8 {[%clk 0:14:45]} 22. Rxa8 {[%clk 0:13:31]} Rxa8
{[%clk 0:15:10]} 23. Rd6 {[%clk 0:13:52]} c5 {[%clk 0:13:24]} 24. Bg5
{[%clk 0:11:28]} Bf8 {[%clk 0:11:12]} 25. Rd5 {[%clk 0:06:27]} Nc6
{[%clk 0:11:14]} 26. Nf6+ {[%clk 0:05:23]} Kh8 {[%clk 0:10:30]} 27. g4
{[%clk 0:01:20]} Be6 {[%clk 0:08:33]} 28. Rd2 {[%clk 0:01:34]} hxg4
{[%clk 0:03:56]} 29. fxg4 {[%clk 0:02:00]} Ne5 {[%clk 0:04:09]} 30. Rg2
{[%clk 0:01:02]} Be7 {[%clk 0:02:38]} 31. Nce4 {[%clk 0:01:15]} Kg7
{[%clk 0:02:08]} 32. h5 {[%clk 0:01:00]} Rh8 {[%clk 0:01:15]} 33. h6+
{[%clk 0:00:42]} Kf8 {[%clk 0:01:42]} 34. Kc2 {[%clk 0:00:54]} Nf3
{[%clk 0:01:53]} 35. Rf2 {[%clk 0:00:43]} Nxg5 {[%clk 0:01:44]} 36. Nxg5
{[%clk 0:00:54]} Bxf6 {[%clk 0:02:02]} 37. Nxe6+ {[%clk 0:01:00]} Ke7
{[%clk 0:02:11]} 38. h7 {[%clk 0:00:39]} fxe6 {[%clk 0:02:00]} 39. Rh2
{[%clk 0:00:49]} Kf7 {[%clk 0:02:11]} 40. Kd3 {[%clk 0:00:53]} Kg7
{[%clk 0:02:34]} 41. Kc4 {[%clk 0:00:49]} Rxh7 {[%clk 0:02:56]} 42. Rxh7+
{[%clk 0:01:13]} Kxh7 {[%clk 0:03:22]} 43. Kb5 {[%clk 0:01:38]} Bxb2
{[%clk 0:03:40]} 44. Ka6 {[%clk 0:02:03]} Kh6 {[%clk 0:04:03]} 45. Kxa7
{[%clk 0:02:27]} b5 {[%clk 0:04:29]} 46. Kb6 {[%clk 0:02:46]} c4 {[%clk 0:04:54]}
47. b4 {[%clk 0:03:06]} c3 {[%clk 0:05:20]} 48. Kxb5 {[%clk 0:03:33]} c2
{[%clk 0:05:47]} 49. Ka6 {[%clk 0:03:53]} c1=Q {[%clk 0:06:09]} 50. b5
{[%clk 0:04:19]} Qxe3 {[%clk 0:06:24]} 51. b6 {[%clk 0:04:40]} Qe2+
{[%clk 0:06:47]} 52. Ka7 {[%clk 0:04:57]} Bd4 {[%clk 0:07:01]} 0-1

[Event "EYCC 2024 - G16"]
[Site "?"]
[Date "2024.08.24"]
[Round "3.13"]
[White "Zhezhovska, Monika"]
[Black "Stankovic, Andrea"]
[Result "1/2-1/2"]
[BlackElo "1856"]
[WhiteElo "2069"]
[LiveChessVersion "1.4.8"]

1. d4 {[%clk 1:30:58]} f5 {[%clk 1:30:56]} 2. g3 {[%clk 1:31:20]} Nf6
{[%clk 1:31:21]} 3. Bg2 {[%clk 1:31:44]} g6 {[%clk 1:31:45]} 4. Nf3
{[%clk 1:32:04]} Bg7 {[%clk 1:32:06]} 5. O-O {[%clk 1:32:26]} O-O
{[%clk 1:32:16]} 6. c4 {[%clk 1:32:48]} d6 {[%clk 1:32:41]} 7. Nc3
{[%clk 1:32:59]} Nc6 {[%clk 1:27:35]} 8. d5 {[%clk 1:30:56]} Ne5 {[%clk 1:27:14]}
9. Nxe5 {[%clk 1:28:22]} dxe5 {[%clk 1:27:38]} 10. c5 {[%clk 1:27:25]} e4
{[%clk 1:22:33]} 11. Qb3 {[%clk 1:26:03]} Kh8 {[%clk 1:15:45]} 12. Rd1
{[%clk 1:24:00]} b6 {[%clk 1:12:47]} 13. Be3 {[%clk 1:00:02]} Nd7
{[%clk 1:07:32]} 14. d6 {[%clk 0:45:47]} exd6 {[%clk 0:52:34]} 15. cxd6
{[%clk 0:44:40]} cxd6 {[%clk 0:52:31]} 16. Rxd6 {[%clk 0:40:26]} Qe7
{[%clk 0:51:48]} 17. Qd5 {[%clk 0:38:51]} Rb8 {[%clk 0:48:53]} 18. Rd1
{[%clk 0:32:49]} Nf6 {[%clk 0:37:06]} 19. Qd2 {[%clk 0:29:06]} Ng4
{[%clk 0:33:43]} 20. Bg5 {[%clk 0:25:27]} Qf7 {[%clk 0:33:26]} 21. Bf4
{[%clk 0:20:25]} Be6 {[%clk 0:31:09]} 22. Nb5 {[%clk 0:13:41]} Ne5
{[%clk 0:21:22]} 23. b3 {[%clk 0:12:32]} Rbe8 {[%clk 0:14:05]} 24. Nc3
{[%clk 0:07:17]} Rc8 {[%clk 0:10:15]} 25. Nb5 {[%clk 0:05:14]} Rfe8
{[%clk 0:05:16]} 26. Bh6 {[%clk 0:04:20]} Bf6 {[%clk 0:04:51]} 27. Bg5
{[%clk 0:04:31]} Bg7 {[%clk 0:05:03]} 28. Rxe6 {[%clk 0:02:14]} Qxe6
{[%clk 0:04:36]} 29. Nd6 {[%clk 0:02:40]} Red8 {[%clk 0:04:01]} 30. Bxd8
{[%clk 0:01:22]} Rxd8 {[%clk 0:04:25]} 31. Qd5 {[%clk 0:00:59]} Qe7
{[%clk 0:03:11]} 32. f4 {[%clk 0:00:50]} exf3 {[%clk 0:02:56]} 33. exf3
{[%clk 0:01:14]} Bf8 {[%clk 0:02:19]} 34. f4 {[%clk 0:00:39]} Rxd6
{[%clk 0:01:02]} 35. Qxd6 {[%clk 0:00:59]} Qxd6 {[%clk 0:00:48]} 36. Rxd6
{[%clk 0:01:28]} Bxd6 {[%clk 0:01:10]} 37. fxe5 {[%clk 0:01:54]} Bxe5
{[%clk 0:01:30]} 38. Kf2 {[%clk 0:02:21]} Kg7 {[%clk 0:01:23]} 39. Bd5
{[%clk 0:02:19]} Kf6 {[%clk 0:01:26]} 40. Kf3 {[%clk 0:02:31]} h5
{[%clk 0:01:04]} 41. h3 {[%clk 0:02:32]} g5 {[%clk 0:01:01]} 42. a4
{[%clk 0:02:23]} g4+ {[%clk 0:01:00]} 43. hxg4 {[%clk 0:02:46]} hxg4+
{[%clk 0:00:52]} 44. Kf2 {[%clk 0:03:05]} Bd6 {[%clk 0:01:06]} 45. Bc4
{[%clk 0:03:21]} Ke5 {[%clk 0:01:13]} 46. Bg8 {[%clk 0:03:39]} Ke4
{[%clk 0:01:09]} 47. Bc4 {[%clk 0:04:02]} Bc5+ {[%clk 0:01:21]} 48. Kg2
{[%clk 0:04:28]} Ke3 {[%clk 0:01:17]} 49. Be6 {[%clk 0:04:50]} Ke4
{[%clk 0:01:42]} 50. Bc4 {[%clk 0:05:16]} Ke5 {[%clk 0:01:28]} 51. Bg8
{[%clk 0:05:41]} 1/2-1/2

[Event "EYCC 2024 - G16"]
[Site "?"]
[Date "2024.08.24"]
[Round "3.14"]
[White "Mykhailets, Polina"]
[Black "Maria, Lia-Alexandra"]
[Result "0-1"]
[BlackElo "2046"]
[WhiteElo "1907"]
[LiveChessVersion "1.4.8"]

1. e4 {[%clk 1:30:57]} c5 {[%clk 1:30:56]} 2. Nf3 {[%clk 1:31:14]} d6
{[%clk 1:31:21]} 3. Bb5+ {[%clk 1:31:31]} Nd7 {[%clk 1:31:47]} 4. c3
{[%clk 1:31:42]} a6 {[%clk 1:31:41]} 5. Bd3 {[%clk 1:31:51]} Ngf6
{[%clk 1:25:39]} 6. Bc2 {[%clk 1:31:29]} c4 {[%clk 1:23:50]} 7. Qe2
{[%clk 1:29:08]} b5 {[%clk 1:23:09]} 8. a4 {[%clk 1:28:27]} Bb7 {[%clk 1:21:42]}
9. axb5 {[%clk 1:18:28]} axb5 {[%clk 1:19:43]} 10. Rxa8 {[%clk 1:18:36]} Qxa8
{[%clk 1:18:56]} 11. Na3 {[%clk 1:15:44]} Qa5 {[%clk 1:13:03]} 12. d3
{[%clk 1:05:16]} cxd3 {[%clk 1:11:00]} 13. Bxd3 {[%clk 1:04:45]} b4
{[%clk 1:10:59]} 14. Nc4 {[%clk 0:59:04]} Qa1 {[%clk 1:11:15]} 15. O-O
{[%clk 0:59:06]} bxc3 {[%clk 1:08:19]} 16. bxc3 {[%clk 0:54:30]} Qa8
{[%clk 1:08:15]} 17. Re1 {[%clk 0:45:38]} e6 {[%clk 1:04:54]} 18. Nd4
{[%clk 0:35:04]} Be7 {[%clk 1:04:07]} 19. Nb5 {[%clk 0:34:21]} Qb8
{[%clk 1:03:51]} 20. Be3 {[%clk 0:32:16]} O-O {[%clk 0:58:07]} 21. f3
{[%clk 0:21:42]} d5 {[%clk 0:52:56]} 22. exd5 {[%clk 0:20:58]} Nxd5
{[%clk 0:50:54]} 23. Ba7 {[%clk 0:19:25]} Bc5+ {[%clk 0:50:08]} 24. Bxc5
{[%clk 0:19:39]} Nxc5 {[%clk 0:50:32]} 25. Bb1 {[%clk 0:16:36]} Ba6
{[%clk 0:49:27]} 26. Qc2 {[%clk 0:16:36]} g6 {[%clk 0:47:51]} 27. Nbd6
{[%clk 0:15:10]} Rd8 {[%clk 0:46:32]} 28. Qf2 {[%clk 0:13:27]} Qc7
{[%clk 0:44:18]} 29. Qg3 {[%clk 0:10:08]} Nxc3 {[%clk 0:41:09]} 30. Bc2
{[%clk 0:08:00]} Nb7 {[%clk 0:29:32]} 31. Nxb7 {[%clk 0:07:07]} Qxb7
{[%clk 0:29:57]} 32. Qe5 {[%clk 0:04:32]} Qb4 {[%clk 0:22:54]} 33. Qf6
{[%clk 0:03:55]} Rd5 {[%clk 0:14:48]} 34. Ne5 {[%clk 0:03:06]} Ne2+
{[%clk 0:14:47]} 35. Rxe2 {[%clk 0:02:36]} Qd4+ {[%clk 0:15:11]} 36. Kf1
{[%clk 0:01:28]} Bxe2+ {[%clk 0:15:34]} 37. Kxe2 {[%clk 0:01:46]} Rxe5+
{[%clk 0:15:58]} 0-1

[Event "EYCC 2024 - G16"]
[Site "?"]
[Date "2024.08.24"]
[Round "3.15"]
[White "Kucuk, Aybike"]
[Black "Kirtadze, Anastasia"]
[Result "0-1"]
[BlackElo "2029"]
[WhiteElo "1872"]
[LiveChessVersion "1.4.8"]

1. d4 {[%clk 1:30:57]} Nf6 {[%clk 1:30:54]} 2. c4 {[%clk 1:31:18]} e6
{[%clk 1:31:19]} 3. Nf3 {[%clk 1:31:41]} Bb4+ {[%clk 1:31:45]} 4. Bd2
{[%clk 1:32:04]} a5 {[%clk 1:32:02]} 5. g3 {[%clk 1:32:17]} d5 {[%clk 1:23:44]}
6. Qc2 {[%clk 1:30:03]} c6 {[%clk 1:20:39]} 7. Bg2 {[%clk 1:28:53]} O-O
{[%clk 1:19:23]} 8. O-O {[%clk 1:28:36]} Be7 {[%clk 1:17:23]} 9. Bf4
{[%clk 1:23:24]} Nbd7 {[%clk 1:15:47]} 10. Nbd2 {[%clk 1:20:19]} Nh5
{[%clk 1:11:16]} 11. Rac1 {[%clk 1:13:06]} g5 {[%clk 1:04:51]} 12. Be3
{[%clk 1:08:03]} f5 {[%clk 1:02:36]} 13. Nb1 {[%clk 1:07:01]} f4 {[%clk 0:54:36]}
14. Bh3 {[%clk 0:55:14]} fxe3 {[%clk 0:47:39]} 15. Bxe6+ {[%clk 0:55:18]} Kh8
{[%clk 0:47:42]} 16. cxd5 {[%clk 0:52:38]} Nb6 {[%clk 0:40:41]} 17. fxe3
{[%clk 0:31:13]} cxd5 {[%clk 0:36:44]} 18. Bxc8 {[%clk 0:29:07]} Rxc8
{[%clk 0:36:51]} 19. Qd3 {[%clk 0:28:12]} Rxc1 {[%clk 0:35:12]} 20. Rxc1
{[%clk 0:28:35]} g4 {[%clk 0:30:27]} 21. Ne5 {[%clk 0:25:48]} Bd6
{[%clk 0:29:58]} 22. Nd2 {[%clk 0:25:38]} Qg5 {[%clk 0:27:40]} 23. Rf1
{[%clk 0:22:56]} Rxf1+ {[%clk 0:27:25]} 24. Nxf1 {[%clk 0:22:17]} Bxe5
{[%clk 0:27:48]} 25. dxe5 {[%clk 0:22:20]} Qxe5 {[%clk 0:28:07]} 26. Qb5
{[%clk 0:22:22]} Nc4 {[%clk 0:23:53]} 27. Qxb7 {[%clk 0:21:53]} Nf6
{[%clk 0:23:46]} 28. b4 {[%clk 0:18:53]} axb4 {[%clk 0:22:21]} 29. Qxb4
{[%clk 0:18:55]} Kg7 {[%clk 0:21:34]} 30. a4 {[%clk 0:16:08]} Ne4
{[%clk 0:17:47]} 31. Qb7+ {[%clk 0:14:03]} Kg6 {[%clk 0:14:50]} 32. Qb1
{[%clk 0:08:44]} Qf5 {[%clk 0:14:33]} 33. Qe1 {[%clk 0:09:07]} Ng5
{[%clk 0:14:36]} 34. h4 {[%clk 0:08:14]} gxh3 {[%clk 0:13:09]} 35. a5
{[%clk 0:06:34]} Qe4 {[%clk 0:12:10]} 36. Qf2 {[%clk 0:06:36]} Nxa5
{[%clk 0:12:25]} 37. Nd2 {[%clk 0:06:45]} Qf5 {[%clk 0:11:33]} 38. Nf3
{[%clk 0:06:31]} Kh5 {[%clk 0:04:25]} 39. Kh2 {[%clk 0:04:25]} Nc4
{[%clk 0:04:02]} 40. Kg1 {[%clk 0:03:41]} h6 {[%clk 0:03:00]} 41. Nh2
{[%clk 0:02:33]} Qxf2+ {[%clk 0:02:49]} 42. Kxf2 {[%clk 0:03:01]} Ne5
{[%clk 0:03:00]} 43. e4 {[%clk 0:02:38]} Nxe4+ {[%clk 0:03:16]} 44. Ke3
{[%clk 0:03:04]} Ng4+ {[%clk 0:03:38]} 0-1

[Event "EYCC 2024 - G16"]
[Site "?"]
[Date "2024.08.24"]
[Round "3.16"]
[White "Rybackova, Lucie"]
[Black "Jansone, Melanija Luize"]
[Result "1-0"]
[BlackElo "1755"]
[WhiteElo "2024"]
[LiveChessVersion "1.4.8"]

1. d4 {[%clk 1:30:58]} Nf6 {[%clk 1:30:38]} 2. Nf3 {[%clk 1:31:19]} g6
{[%clk 1:30:36]} 3. g3 {[%clk 1:31:37]} Bg7 {[%clk 1:30:17]} 4. Bg2
{[%clk 1:31:56]} d6 {[%clk 1:29:54]} 5. O-O {[%clk 1:32:17]} O-O {[%clk 1:30:15]}
6. c4 {[%clk 1:32:42]} Nbd7 {[%clk 1:29:33]} 7. Nc3 {[%clk 1:32:59]} e5
{[%clk 1:27:49]} 8. e4 {[%clk 1:32:58]} exd4 {[%clk 1:24:01]} 9. Nxd4
{[%clk 1:33:04]} Ne5 {[%clk 1:23:01]} 10. b3 {[%clk 1:29:48]} Bd7
{[%clk 1:20:32]} 11. h3 {[%clk 1:28:31]} Re8 {[%clk 1:18:25]} 12. Be3
{[%clk 1:25:31]} Nc6 {[%clk 1:09:17]} 13. Qd2 {[%clk 1:06:00]} Nxd4
{[%clk 1:01:25]} 14. Bxd4 {[%clk 1:05:04]} Bc6 {[%clk 1:01:08]} 15. Rfe1
{[%clk 1:03:36]} Qd7 {[%clk 0:51:54]} 16. Rad1 {[%clk 1:00:44]} Rad8
{[%clk 0:49:36]} 17. Kh2 {[%clk 0:54:55]} a6 {[%clk 0:47:16]} 18. f3
{[%clk 0:49:28]} Re7 {[%clk 0:35:17]} 19. Qc2 {[%clk 0:42:45]} Qe8
{[%clk 0:32:57]} 20. Rd2 {[%clk 0:41:01]} Nh5 {[%clk 0:26:09]} 21. Red1
{[%clk 0:35:42]} Red7 {[%clk 0:23:19]} 22. Bf2 {[%clk 0:33:57]} Bh6
{[%clk 0:18:40]} 23. Rd3 {[%clk 0:32:38]} Ng7 {[%clk 0:15:50]} 24. b4
{[%clk 0:27:44]} b6 {[%clk 0:15:14]} 25. Bd4 {[%clk 0:20:31]} Ne6
{[%clk 0:14:28]} 26. Bf6 {[%clk 0:20:43]} Rb8 {[%clk 0:14:24]} 27. Nd5
{[%clk 0:20:04]} Bxd5 {[%clk 0:14:06]} 28. cxd5 {[%clk 0:19:59]} Nf8
{[%clk 0:13:42]} 29. Qb2 {[%clk 0:16:47]} Rdd8 {[%clk 0:12:50]} 30. Bxd8
{[%clk 0:16:56]} Qxd8 {[%clk 0:12:09]} 31. f4 {[%clk 0:16:32]} Bg7
{[%clk 0:12:14]} 32. Qc2 {[%clk 0:16:10]} f6 {[%clk 0:09:49]} 33. Rc1
{[%clk 0:15:36]} a5 {[%clk 0:08:52]} 34. Qxc7 {[%clk 0:14:42]} axb4
{[%clk 0:08:37]} 35. Qxd8 {[%clk 0:15:05]} Rxd8 {[%clk 0:09:04]} 36. Rb3
{[%clk 0:14:30]} Nd7 {[%clk 0:08:44]} 37. Rxb4 {[%clk 0:14:49]} Ra8
{[%clk 0:07:32]} 38. Rc7 {[%clk 0:14:34]} Rd8 {[%clk 0:07:47]} 39. h4
{[%clk 0:13:59]} Bf8 {[%clk 0:07:20]} 40. Bh3 {[%clk 0:13:56]} Nc5
{[%clk 0:07:37]} 41. Rc8 {[%clk 0:14:13]} 1-0